000 00452nam a22001697a 4500
005 20180727142905.0
008 160517b xxu||||| |||| 00| 0 eng d
020 _a978-81-315-0287-7
041 _aeng
082 _b2498
_a658.3
100 _aCummings / Worley
_9690
245 _aTheory of Organization Development and Change
260 _aNew Delhi
_bCenage Learning (I) Pvt Ltd.
_c2005
300 _a777p,
650 _aManagement
_9241
942 _cBK
999 _c910
_d910